|
|
|
|
| LEADER |
00000nam0a2200000 4500 |
| 001 |
68014 |
| 005 |
20231031074414.0 |
| 010 |
|
|
|a 5947239116
|
| 035 |
|
|
|a (RuTPU)RU\TPU\book\72413
|
| 090 |
|
|
|a 68014
|
| 100 |
|
|
|a 20040929d2004 m y0rusy50 ca
|
| 101 |
0 |
|
|a rus
|
| 102 |
|
|
|a RU
|
| 105 |
|
|
|a y j 001zy
|
| 200 |
1 |
|
|a Этнопсихология
|e учебное пособие
|f А. А. Налчаджян
|
| 205 |
|
|
|a 2-е изд.
|
| 210 |
|
|
|a СПб.
|c Питер
|d 2004
|
| 215 |
|
|
|a 381 с.
|
| 320 |
|
|
|a Библиография в конце глав.
|
| 610 |
1 |
|
|a психология
|
| 610 |
1 |
|
|a этнопсихология
|
| 610 |
1 |
|
|a этнос
|
| 610 |
1 |
|
|a этносоциальные исследования
|
| 610 |
1 |
|
|a нации
|
| 610 |
1 |
|
|a межэтнические отношения
|
| 610 |
1 |
|
|a маргинальный статус
|
| 610 |
1 |
|
|a самосознание
|
| 610 |
1 |
|
|a этническое самосознание
|
| 610 |
1 |
|
|a этнические символы
|
| 610 |
1 |
|
|a этнические стереотипы
|
| 610 |
1 |
|
|a предрассудки
|
| 610 |
1 |
|
|a этноцентризм
|
| 610 |
1 |
|
|a учебные пособия
|
| 686 |
|
|
|a Ю958я73
|v LBC/SL-A
|2 rubbk
|
| 700 |
|
1 |
|a Налчаджян
|b А. А.
|g Альберт Агабекович
|
| 801 |
|
1 |
|a RU
|b 63413507
|c 20040929
|g PSBO
|
| 801 |
|
2 |
|a RU
|b 63413507
|c 20120706
|g PSBO
|
| 900 |
|
|
|a Социальная антропология
|
| 900 |
|
|
|a Этнопсихология
|
| 942 |
|
|
|c BK
|
| 959 |
|
|
|a 119/20040924
|d 1
|e 127
|f ЧЗГЛ:1
|